[Event "FRA-ch Accession"]
[Site "Nimes"]
[Date "2014.08.17"]
[Round "1"]
[White "Lagarde, Maxime"]
[Black "Jablonski, Noham"]
[Result "1-0"]
[WhiteElo "2534"]
[BlackElo "2259"]
[PlyCount "67"]
[EventDate "2014.08.17"]
[EventType "swiss"]
[EventRounds "11"]
[EventCountry "FRA"]
[SourceTitle "CBM 162 Extra"]
[Source "ChessBase"]
[SourceDate "2014.10.17"]
[SourceVersion "1"]
[SourceVersionDate "2014.10.17"]
[SourceQuality "1"]

1. Nf3 c5 2. g3 Nf6 3. Bg2 g6 4. b3 Bg7 5. Bb2 d6 6. c4 Nc6 7. 0-0 e5 8. Nc3 0-0 9. Ne1 Nh5 10. e3 f5 11. f4 Nf6 12. Nc2 Be6 13. Na4 e4 14. d4 cxd4 15. Nxd4 Nxd4 16. Bxd4 b6 17. Qd2 Qe7 18. Rfd1 Rfd8 19. Rac1 Rac8 20. Bf1 g5 21. Be2 g4 22. Nc3 h5 23. Nd5 Qf7 24. Qb2 Nxd5 25. cxd5 Bd7 26. Bxg7 Qxg7 27. Qxg7+ Kxg7 28. Ba6 Rc5 29. b4 Rxc1 30. Rxc1 Be8 31. Rc7+ Rd7 32. Rc8 Bf7 33. Bb5 Re7 34. Bc6 1-0

[Event "FRA-chT1A 1112"]
[Site "France"]
[Date "2011.12.11"]
[Round "5.1"]
[White "Stephan, Victor"]
[Black "Jablonski, Noham"]
[Result "1/2-1/2"]
[WhiteElo "2313"]
[BlackElo "2285"]
[PlyCount "74"]
[EventDate "2011.10.16"]
[EventType "team-tourn"]
[EventRounds "11"]
[EventCountry "FRA"]
[SourceTitle "EXT 2013"]
[Source "ChessBase"]
[SourceDate "2012.11.22"]
[SourceVersion "1"]
[SourceVersionDate "2012.11.22"]
[SourceQuality "1"]
[WhiteTeam "Sautron"]
[BlackTeam "JEEN"]
[WhiteTeamCountry "FRA"]
[BlackTeamCountry "FRA"]

1. e4 c5 2. Nf3 e6 3. d4 cxd4 4. Nxd4 a6 5. Nc3 Qc7 6. Bd3 Nf6 7. 0-0 b5 8. a3 d6 9. Qe2 Be7 10. Bd2 Nbd7 11. b4 Ne5 12. a4 bxa4 13. Rxa4 Nxd3 14. cxd3 0-0 15. b5 Bb7 16. Rc1 Qd7 17. Rca1 axb5 18. Ndxb5 Rxa4 19. Rxa4 Ra8 20. Qd1 h6 21. Rxa8+ Bxa8 22. Qa1 Bb7 23. Qa7 Qc6 24. h3 Kh7 25. Qb8 Ba8 26. Nd4 Qb7 27. Qxb7 Bxb7 28. Ncb5 Ba6 29. Bb4 Ne8 30. e5 dxe5 31. Bxe7 exd4 32. Nxd4 Bxd3 33. f3 Kg6 34. Kf2 e5 35. Nc6 f6 36. Ba3 Nc7 37. Bd6 Nd5 1/2-1/2

[Event "FRA-ch Accession"]
[Site "Caen"]
[Date "2011.08.27"]
[Round "11"]
[White "Ternault, Mathieu"]
[Black "Jablonski, Noham"]
[Result "0-1"]
[WhiteElo "2097"]
[BlackElo "2277"]
[PlyCount "68"]
[EventDate "2011.08.16"]
[EventType "swiss"]
[EventRounds "11"]
[EventCountry "FRA"]
[SourceTitle "CBM 144 Extra"]
[Source "ChessBase"]
[SourceDate "2011.10.28"]
[SourceVersion "1"]
[SourceVersionDate "2011.10.28"]
[SourceQuality "1"]

1. d4 f5 2. h3 d6 3. g4 fxg4 4. hxg4 Bxg4 5. Qd3 Qd7 6. Bh3 Nc6 7. Bxg4 Qxg4 8. Nf3 Nf6 9. Rh4 Qd7 10. d5 Ne5 11. Nxe5 dxe5 12. Nc3 0-0-0 13. Ra4 Nxd5 14. Qxd5 Qxd5 15. Nxd5 Rxd5 16. Rxa7 Kb8 17. Ra3 e6 18. Rh3 Be7 19. c3 e4 20. Be3 Bf6 21. Rd1 h5 22. Rd2 g5 23. Kf1 g4 24. Rh1 h4 25. Kg2 Rhd8 26. Rxd5 Rxd5 27. Bd4 Bg5 28. e3 Ra5 29. a3 e5 30. b4 Rxa3 31. Bxe5 Ra2 32. Bf4 Bf6 33. c4 Rc2 34. b5 b6 0-1

[Event "Cappelle op 27th"]
[Site "Cappelle la Grande"]
[Date "2011.02.28"]
[Round "4"]
[White "Le Montagner, Yoann"]
[Black "Jablonski, Noham"]
[Result "0-1"]
[WhiteElo "1998"]
[BlackElo "2266"]
[PlyCount "46"]
[EventDate "2011.02.26"]
[EventType "swiss"]
[EventRounds "9"]
[EventCountry "FRA"]
[SourceTitle "CBM 141 Extra"]
[Source "ChessBase"]
[SourceDate "2011.05.03"]
[SourceVersion "1"]
[SourceVersionDate "2011.05.03"]
[SourceQuality "1"]

1. e4 c5 2. Nf3 e6 3. d4 cxd4 4. Nxd4 Nf6 5. Nc3 d6 6. Be2 Be7 7. 0-0 a6 8. Be3 Qc7 9. f4 b5 10. Bf3 Bb7 11. e5 dxe5 12. fxe5 Qxe5 13. Bxb7 Qxe3+ 14. Kh1 Ra7 15. Rf3 Qe5 16. Nc6 Nxc6 17. Bxc6+ Kf8 18. Rd3 g6 19. Qf3 Kg7 20. Rf1 Rc8 21. a4 b4 22. Ne4 Rxc6 23. Nxf6 Qxf6 0-1

[Event "Paris-ch"]
[Site "Paris"]
[Date "2010.07.03"]
[Round "1"]
[White "D'Costa, Lorin AR"]
[Black "Jablonski, Noham"]
[Result "1-0"]
[WhiteElo "2456"]
[BlackElo "2283"]
[PlyCount "59"]
[EventDate "2010.07.03"]
[EventType "swiss"]
[EventRounds "9"]
[EventCountry "FRA"]
[SourceTitle "CBM 137 Extra"]
[Source "ChessBase"]
[SourceDate "2010.09.01"]
[SourceVersion "1"]
[SourceVersionDate "2010.09.01"]
[SourceQuality "1"]

1. d4 d5 2. c4 e6 3. Nf3 Nf6 4. g3 Be7 5. Bg2 0-0 6. 0-0 dxc4 7. Qc2 a6 8. a4 Bd7 9. Rd1 Bc6 10. Nc3 Bxf3 11. Bxf3 Nc6 12. Bxc6 bxc6 13. a5 Qb8 14. Ra4 Qb3 15. Qxb3 cxb3 16. Rc4 c5 17. dxc5 Rad8 18. Rxd8 Rxd8 19. Be3 Rb8 20. Bf4 Rb7 21. e4 c6 22. Na4 Rb5 23. Bd6 Bd8 24. Nc3 Rb7 25. Ne2 Bxa5 26. e5 Nd5 27. Ra4 Nc3 28. Nxc3 Bxc3 29. Rxa6 f6 30. Rb6 1-0

[Event "FRA-chT1 0910"]
[Site "France"]
[Date "2009.12.13"]
[Round "7.4"]
[White "Salgado Allaria, Carlos Fernando"]
[Black "Jablonski, Noham"]
[Result "1-0"]
[WhiteElo "2340"]
[BlackElo "2312"]
[PlyCount "73"]
[EventDate "2009.09.27"]
[EventType "team-tourn"]
[EventRounds "11"]
[EventCountry "FRA"]
[SourceTitle "EXT 2011"]
[Source "ChessBase"]
[SourceDate "2010.11.26"]
[SourceVersion "1"]
[SourceVersionDate "2010.11.26"]
[SourceQuality "1"]

1. d4 d5 2. c4 c6 3. Nf3 Nf6 4. cxd5 cxd5 5. Nc3 Nc6 6. Bf4 Qb6 7. a3 Bg4 8. Na4 Qd8 9. Ne5 Nxe5 10. dxe5 Nh5 11. Bd2 g5 12. Bxg5 Bg7 13. Qd4 Bd7 14. g4 Qc7 15. gxh5 Bxe5 16. Qb4 f6 17. Bd2 a5 18. Qb3 Qc6 19. Nb6 a4 20. Qb4 Bd6 21. Rc1 Bxb4 22. Rxc6 Bxd2+ 23. Kxd2 Bxc6 24. Nxa8 Kd7 25. Bh3+ e6 26. Nb6+ Kc7 27. Nxa4 Bxa4 28. Bxe6 Kd6 29. Bf5 Ke5 30. Bd3 Be8 31. Rg1 Bxh5 32. Rg7 b6 33. Rb7 Bg6 34. Rxb6 Ra8 35. e3 Be4 36. f4+ Kf5 37. Rd6 1-0

[Event "FRA-chT1 0910"]
[Site "France"]
[Date "2009.10.18"]
[Round "3.3"]
[White "Ribeiro, Romain"]
[Black "Jablonski, Noham"]
[Result "0-1"]
[WhiteElo "2169"]
[BlackElo "2317"]
[PlyCount "68"]
[EventDate "2009.09.27"]
[EventType "team-tourn"]
[EventRounds "11"]
[EventCountry "FRA"]
[SourceTitle "EXT 2011"]
[Source "ChessBase"]
[SourceDate "2010.11.26"]
[SourceVersion "1"]
[SourceVersionDate "2010.11.26"]
[SourceQuality "1"]

1. e4 c5 2. Nc3 e6 3. Nf3 a6 4. d4 cxd4 5. Nxd4 Qc7 6. Bd3 Nf6 7. 0-0 d6 8. Be3 Be7 9. f4 h5 10. h3 h4 11. a4 b6 12. Be2 Bb7 13. Bf3 Nbd7 14. Nb3 Rc8 15. Qe2 e5 16. f5 Qc4 17. Qf2 Qc7 18. Rfd1 Bc6 19. Nd2 Qb7 20. Nc4 Bxe4 21. Nxd6+ Bxd6 22. Rxd6 Bxf3 23. gxf3 Rh5 24. Rad1 Rxf5 25. Qxh4 Qxf3 26. Bg5 Nh7 27. Ne4 Rxc2 28. R6d2 Rxd2 29. Rxd2 Rxg5+ 30. Nxg5 Qe3+ 31. Kf1 Nxg5 32. Qb4 Qxh3+ 33. Ke2 Qf3+ 34. Ke1 Qe4+ 0-1

[Event "FRA-chT1 0910"]
[Site "France"]
[Date "2009.10.04"]
[Round "1.1"]
[White "Jablonski, Noham"]
[Black "David, Alberto"]
[Result "0-1"]
[WhiteElo "2317"]
[BlackElo "2591"]
[PlyCount "114"]
[EventDate "2009.09.27"]
[EventType "team-tourn"]
[EventRounds "11"]
[EventCountry "FRA"]
[SourceTitle "EXT 2011"]
[Source "ChessBase"]
[SourceDate "2010.11.26"]
[SourceVersion "1"]
[SourceVersionDate "2010.11.26"]
[SourceQuality "1"]

1. e4 c5 2. Nf3 e6 3. d4 cxd4 4. Nxd4 a6 5. c4 Nf6 6. Nc3 Bb4 7. Bd3 Nc6 8. Nc2 Be7 9. 0-0 Ne5 10. f4 Nxd3 11. Qxd3 d6 12. Qg3 0-0 13. Be3 Qc7 14. b3 b5 15. Bd4 bxc4 16. Ne3 cxb3 17. axb3 Nh5 18. Qf3 Bf6 19. e5 dxe5 20. fxe5 Bxe5 21. Bxe5 Qxe5 22. Nc4 Qd4+ 23. Kh1 Bb7 24. Qxb7 Qxc3 25. Rac1 Qd3 26. Rxf7 Rxf7 27. Qxf7+ Kxf7 28. Ne5+ Ke7 29. Nxd3 Kd6 30. Kg1 Nf6 31. Kf2 Nd5 32. Ra1 a5 33. Ke2 e5 34. Nb2 Kc5 35. Nd3+ Kb6 36. Kf3 Re8 37. Re1 Rf8+ 38. Ke4 Nf6+ 39. Kxe5 Rd8 40. Nf4 Re8+ 41. Ne6 Nd7+ 42. Kd6 Nc5 43. g4 g5 44. Re5 Rxe6+ 45. Rxe6 Nxe6 46. Kxe6 Kb5 47. Kf6 Kb4 48. Kxg5 Kxb3 49. Kh6 a4 50. Kxh7 a3 51. g5 a2 52. g6 a1Q 53. g7 Qa7 54. Kg6 Qg1+ 55. Kf7 Qf2+ 56. Ke7 Qe3+ 57. Kf7 Qf4+ 0-1

[Event "FRA-ch Accession"]
[Site "Nimes"]
[Date "2009.08.20"]
[Round "9"]
[White "Jablonski, Noham"]
[Black "Villegas, Pierre"]
[Result "1-0"]
[WhiteElo "2305"]
[BlackElo "2202"]
[PlyCount "65"]
[EventDate "2009.08.11"]
[EventType "swiss"]
[EventRounds "9"]
[EventCountry "FRA"]
[SourceTitle "CBM 132 Extra"]
[Source "ChessBase"]
[SourceDate "2009.11.03"]
[SourceVersion "1"]
[SourceVersionDate "2009.11.03"]
[SourceQuality "1"]

1. e4 c6 2. d4 d5 3. e5 Bf5 4. Nf3 e6 5. Be2 Ne7 6. 0-0 Bg6 7. b3 Nf5 8. c4 Bh5 9. Be3 Be7 10. Nc3 0-0 11. h3 Bxf3 12. Bxf3 Nd7 13. cxd5 cxd5 14. Bg4 Nxe3 15. fxe3 Qa5 16. Qd3 Rac8 17. Ne2 Rc6 18. e4 Nb6 19. Rf2 dxe4 20. Qxe4 Nd5 21. Raf1 Bg5 22. Rf3 Qd2 23. Rd3 Qxa2 24. Bh5 f5 25. exf6 Rxf6 26. Rdf3 Rxf3 27. Qxf3 Bf6 28. Qg3 Rc8 29. Qd6 Qa6 30. Qd7 Qc6 31. Qf7+ Kh8 32. Rc1 Nc3 33. Kh1 1-0

[Event "FRA-chT1B 0809"]
[Site "France"]
[Date "2009.04.04"]
[Round "10.1"]
[White "Delaunay, Sebastien"]
[Black "Jablonski, Noham"]
[Result "1/2-1/2"]
[WhiteElo "2370"]
[BlackElo "2284"]
[PlyCount "152"]
[EventDate "2008.10.19"]
[EventType "team-tourn"]
[EventRounds "11"]
[EventCountry "FRA"]
[SourceTitle "EXT 2010"]
[Source "ChessBase"]
[SourceDate "2010.11.25"]
[SourceVersion "1"]
[SourceVersionDate "2010.11.25"]
[SourceQuality "1"]
[WhiteTeam "Nantes"]
[BlackTeam "Vincennes"]
[WhiteTeamCountry "FRA"]
[BlackTeamCountry "FRA"]

1. d4 Nf6 2. c4 e6 3. g3 d5 4. Bg2 Be7 5. Nf3 0-0 6. 0-0 dxc4 7. Qa4 a6 8. Qxc4 b5 9. Qc2 Bb7 10. Bd2 Be4 11. Qc1 Nbd7 12. Ba5 Ra7 13. Nbd2 Bd5 14. Re1 Ne4 15. Nxe4 Bxe4 16. Qe3 Qa8 17. Rac1 Bd6 18. Red1 Qd5 19. a3 f5 20. Ne1 Bxg2 21. Nxg2 Nb6 22. Bxb6 cxb6 23. Nf4 Bxf4 24. Qxf4 Rd7 25. Rd3 h6 26. Rc7 Rfd8 27. Rxd7 Qxd7 28. Qe3 Qd6 29. Rc3 Kh7 30. Qd2 Rd7 31. Qe3 Rc7 32. Rxc7 Qxc7 33. f3 Qc6 34. Kf2 a5 35. Qc3 Qd5 36. h3 Qa2 37. Qc2 Qa1 38. Kg2 Kh8 39. e4 Qa2 40. exf5 a4 41. fxe6 Qxe6 42. Qd2 Qd5 43. h4 Kg8 44. g4 Kh8 45. g5 hxg5 46. hxg5 Kg8 47. Kg3 b4 48. axb4 b5 49. Qf4 g6 50. Qf6 Kh7 51. Qe5 Qc4 52. d5 Qf1 53. d6 Qg1+ 54. Kf4 Qh2+ 55. Ke4 Qc2+ 56. Kd4 Qxb2+ 57. Kd5 Qxe5+ 58. Kxe5 a3 59. d7 a2 60. d8Q a1Q+ 61. Qd4 Qb1 62. Qd7+ Kg8 63. Kf6 Qb2+ 64. Kxg6 Qc2+ 65. Qf5 Qc4 66. f4 Qc6+ 67. Qf6 Qd7 68. Qf5 Qc6+ 69. Kh5 Qh1+ 70. Kg4 Qg2+ 71. Kh4 Qh2+ 72. Qh3 Qxf4+ 73. Qg4 Qh2+ 74. Qh3 Qf4+ 75. Qg4 Qh2+ 76. Qh3 Qf4+ 1/2-1/2

[Event "FRA-chT1B 0809"]
[Site "France"]
[Date "2009.02.08"]
[Round "7.1"]
[White "Jablonski, Noham"]
[Black "Tirard, Hugo"]
[Result "0-1"]
[WhiteElo "2284"]
[BlackElo "2434"]
[PlyCount "80"]
[EventDate "2008.10.19"]
[EventType "team-tourn"]
[EventRounds "11"]
[EventCountry "FRA"]
[SourceTitle "EXT 2010"]
[Source "ChessBase"]
[SourceDate "2010.11.25"]
[SourceVersion "1"]
[SourceVersionDate "2010.11.25"]
[SourceQuality "1"]
[WhiteTeam "Vincennes"]
[BlackTeam "Deauville"]
[WhiteTeamCountry "FRA"]
[BlackTeamCountry "FRA"]

1. d4 Nf6 2. Nf3 c5 3. e3 g6 4. Be2 Bg7 5. 0-0 b6 6. c4 Bb7 7. d5 b5 8. Qc2 d6 9. e4 b4 10. Ne1 0-0 11. Bg5 e5 12. Nd2 Nbd7 13. g3 h6 14. Be3 h5 15. Bg5 Qe8 16. Ng2 Bc8 17. a3 a5 18. f3 Kh7 19. f4 exf4 20. gxf4 b3 21. Qd3 a4 22. Rae1 Kg8 23. Bh4 Ra7 24. Bf3 Nh7 25. e5 dxe5 26. Ne4 Ra6 27. f5 gxf5 28. Ng3 e4 29. Qe2 Qe5 30. Bxh5 Qxb2 31. Nxf5 Qxe2 32. Rxe2 Ndf6 33. Nxg7 Kxg7 34. Nf4 Kh6 35. Bf2 Nxh5 36. Bxc5 Rg8+ 37. Kh1 Bg4 38. Rxe4 Ng5 39. Re3 Nxf4 40. Rxf4 b2 0-1

[Event "Paris-ch op"]
[Site "Paris"]
[Date "2008.07.06"]
[Round "9"]
[White "Jablonski, Noham"]
[Black "Song, Julien"]
[Result "1-0"]
[WhiteElo "2260"]
[BlackElo "2214"]
[PlyCount "47"]
[EventDate "2008.06.28"]
[EventType "swiss"]
[EventRounds "9"]
[EventCountry "FRA"]
[SourceTitle "CBM 125 Extra"]
[Source "ChessBase"]
[SourceDate "2008.09.01"]
[SourceVersion "1"]
[SourceVersionDate "2008.09.01"]
[SourceQuality "1"]

1. e4 e6 2. d4 d5 3. Nd2 c5 4. Ngf3 Nf6 5. e5 Nfd7 6. c3 Nc6 7. Nb3 Be7 8. Be3 cxd4 9. cxd4 a5 10. a3 a4 11. Nc1 Nb6 12. Bd3 Bd7 13. 0-0 Na5 14. Nd2 h5 15. Ne2 Kf8 16. Nf4 g6 17. Qf3 Kg7 18. Qg3 Bh4 19. Qh3 Qe7 20. Nf3 g5 21. Nxh4 gxf4 22. Bxf4 Rag8 23. Bd2 f5 24. Bxa5 1-0

[Event "Paris-ch op"]
[Site "Paris"]
[Date "2008.07.01"]
[Round "4"]
[White "Onkoud, Abdelaziz"]
[Black "Jablonski, Noham"]
[Result "1-0"]
[WhiteElo "2396"]
[BlackElo "2260"]
[PlyCount "61"]
[EventDate "2008.06.28"]
[EventType "swiss"]
[EventRounds "9"]
[EventCountry "FRA"]
[SourceTitle "CBM 125 Extra"]
[Source "ChessBase"]
[SourceDate "2008.09.01"]
[SourceVersion "1"]
[SourceVersionDate "2008.09.01"]
[SourceQuality "1"]

1. c4 Nf6 2. Nc3 e5 3. g3 d5 4. cxd5 Nxd5 5. Bg2 Nb6 6. d3 Be7 7. Nf3 Nc6 8. a3 a5 9. b3 0-0 10. Bb2 Bg4 11. Rc1 f5 12. 0-0 Bf6 13. Nd2 Bg5 14. Ra1 Nd4 15. h3 Bh5 16. Nc4 Nxc4 17. bxc4 c6 18. a4 Rc8 19. Ba3 Rf7 20. Ra2 Kh8 21. Qb1 b5 22. axb5 cxb5 23. Nxb5 Nxe2+ 24. Kh2 Rf6 25. Re1 e4 26. dxe4 f4 27. e5 fxg3+ 28. fxg3 Rf2 29. Nd6 Bh4 30. Rexe2 Bxe2 31. Rxe2 1-0

[Event "Paris-ch op"]
[Site "Paris"]
[Date "2008.06.30"]
[Round "3"]
[White "Jablonski, Noham"]
[Black "Rozentalis, Eduardas"]
[Result "0-1"]
[WhiteElo "2260"]
[BlackElo "2582"]
[PlyCount "60"]
[EventDate "2008.06.28"]
[EventType "swiss"]
[EventRounds "9"]
[EventCountry "FRA"]
[SourceTitle "CBM 125 Extra"]
[Source "ChessBase"]
[SourceDate "2008.09.01"]
[SourceVersion "1"]
[SourceVersionDate "2008.09.01"]
[SourceQuality "1"]

1. d4 Nf6 2. c4 e6 3. Nf3 d5 4. Nc3 Bb4 5. Bg5 h6 6. Bxf6 Qxf6 7. e3 0-0 8. cxd5 exd5 9. Be2 c6 10. 0-0 Bf5 11. a3 Bd6 12. b4 Qe7 13. Bd3 Bg4 14. e4 a5 15. e5 Bc7 16. h3 Bh5 17. g4 Bg6 18. b5 Nd7 19. Bf5 Rfd8 20. Qd3 Nf8 21. bxc6 bxc6 22. Ne2 c5 23. Nf4 c4 24. Qc2 Bh7 25. Qa4 Ne6 26. Ne2 Bxf5 27. gxf5 Ng5 28. Nxg5 Qxg5+ 29. Ng3 h5 30. Kh2 Qf4 0-1

[Event "Paris-ch op"]
[Site "Paris"]
[Date "2008.06.28"]
[Round "1"]
[White "Shirazi, Kamran"]
[Black "Jablonski, Noham"]
[Result "0-1"]
[WhiteElo "2448"]
[BlackElo "2260"]
[PlyCount "120"]
[EventDate "2008.06.28"]
[EventType "swiss"]
[EventRounds "9"]
[EventCountry "FRA"]
[SourceTitle "EXT 2009"]
[Source "ChessBase"]
[SourceDate "2008.11.26"]
[SourceVersion "1"]
[SourceVersionDate "2008.11.26"]
[SourceQuality "1"]

1. Nf3 d5 2. g3 Nf6 3. Bg2 Bf5 4. 0-0 e6 5. c4 c6 6. d3 Nbd7 7. cxd5 exd5 8. Nc3 Be7 9. Nd4 Bg6 10. e4 0-0 11. Bf4 Nc5 12. b4 dxe4 13. bxc5 Qxd4 14. Nxe4 Nxe4 15. dxe4 Qxd1 16. Raxd1 Bxc5 17. Rd7 Rfe8 18. Rxb7 Bxe4 19. Rc1 Bb6 20. g4 Rad8 21. Bg3 c5 22. Bxe4 Rxe4 23. h3 Rc8 24. Rd1 c4 25. Rdd7 c3 26. Rxf7 Bd4 27. Rfc7 Rxc7 28. Rxc7 Re2 29. Rc4 c2 30. Kg2 Rd2 31. Bf4 Rxf2+ 32. Kg3 Bb6 33. a4 a5 34. Bc7 Be3 35. Bxa5 Kf7 36. Bb4 Rf4 37. Rc7+ Ke6 38. Ba3 Rxa4 39. Re7+ Kf6 40. Rxe3 Rxa3 41. Rxa3 c1Q 42. Rf3+ Ke5 43. Kg2 Ke4 44. Rf8 Qd2+ 45. Rf2 Qd5 46. Kg3 Ke3 47. Rf5 Qd6+ 48. Kg2 Qd2+ 49. Kg1 g6 50. Rf7 h5 51. gxh5 gxh5 52. Rf5 h4 53. Rf1 Qe2 54. Rf8 Qe1+ 55. Kg2 Qg3+ 56. Kh1 Qxh3+ 57. Kg1 Qg4+ 58. Kh1 h3 59. Re8+ Kd3 60. Rd8+ Kc3 0-1

[Event "Paris-ch int"]
[Site "Paris"]
[Date "2007.07.11"]
[Round "5"]
[White "Guliyev, Namig"]
[Black "Jablonski, Noham"]
[Result "1-0"]
[WhiteElo "2571"]
[BlackElo "2266"]
[PlyCount "67"]
[EventDate "2007.07.07"]
[EventType "swiss"]
[EventRounds "9"]
[EventCountry "FRA"]
[SourceTitle "CBM 119 Extra"]
[Source "ChessBase"]
[SourceDate "2007.09.04"]
[SourceVersion "1"]
[SourceVersionDate "2007.09.04"]
[SourceQuality "1"]

1. e4 c5 2. Nf3 d6 3. d4 cxd4 4. Nxd4 Nf6 5. Nc3 g6 6. Be2 Bg7 7. 0-0 0-0 8. Bg5 Nc6 9. Nb3 Be6 10. Kh1 a5 11. a4 Bxb3 12. cxb3 Nb4 13. f4 Nd7 14. Rc1 Nc5 15. f5 h6 16. Be3 e6 17. Bc4 Qe7 18. Qf3 Nd7 19. fxe6 fxe6 20. Qh3 Kh7 21. Bxe6 Nc5 22. Bxc5 dxc5 23. Bc4 Rad8 24. Qe3 Qe5 25. Qe2 Nc6 26. Rxf8 Rxf8 27. Rf1 Nd4 28. Qd1 Rf4 29. g3 Rxe4 30. Nxe4 Qxe4+ 31. Kg1 Nxb3 32. Bxb3 Bd4+ 33. Rf2 Qe3 34. Qc2 1-0

[Event "FRA-chT1B 0607"]
[Site "France"]
[Date "2007.02.10"]
[Round "7.3"]
[White "Jablonski, Noham"]
[Black "Babault, Patrice"]
[Result "0-1"]
[WhiteElo "2258"]
[BlackElo "2310"]
[PlyCount "90"]
[EventDate "2006.10.15"]
[EventType "team"]
[EventRounds "11"]
[EventCountry "FRA"]
[SourceTitle "EXT 2008"]
[Source "ChessBase"]
[SourceDate "2007.11.25"]
[SourceVersion "1"]
[SourceVersionDate "2007.11.25"]
[SourceQuality "1"]
[WhiteTeam "Vincennes"]
[BlackTeam "Lutece"]
[WhiteTeamCountry "FRA"]
[BlackTeamCountry "FRA"]

1. e4 c5 2. Nf3 d6 3. d4 cxd4 4. Nxd4 Nc6 5. Nc3 Qc7 6. g3 a6 7. Bg2 e6 8. 0-0 Bd7 9. Nb3 Nf6 10. a4 Be7 11. a5 Ne5 12. f4 Nc4 13. Qe2 e5 14. f5 Rc8 15. g4 h6 16. Bf3 b5 17. axb6 Qxb6+ 18. Kg2 Bb5 19. h4 d5 20. exd5 e4 21. Bxe4 Nxe4 22. Nxb5 Qxb5 23. Qxe4 Nd6 24. Qd3 Rc4 25. Rf4 h5 26. Ra5 Rxf4 27. Qxb5+ Nxb5 28. Bxf4 hxg4 29. Rxa6 Rh5 30. c4 Rxf5 31. Kg3 Bd6 32. Bxd6 Nxd6 33. Kxg4 Rf6 34. c5 Ne4 35. Ra8+ Kd7 36. Ra7+ Kc8 37. Re7 Rf1 38. d6 f5+ 39. Kh3 Rf3+ 40. Kg2 Rg3+ 41. Kf1 Rxb3 42. Rxg7 Rxb2 43. h5 f4 44. h6 f3 45. Kg1 f2+ 0-1

[Event "FRA-chT1B 0607"]
[Site "France"]
[Date "2006.10.15"]
[Round "1.7"]
[White "Jablonski, Noham"]
[Black "Gozillon, Matthieu"]
[Result "1-0"]
[WhiteElo "2258"]
[BlackElo "1905"]
[PlyCount "65"]
[EventDate "2006.10.15"]
[EventType "team"]
[EventRounds "11"]
[EventCountry "FRA"]
[SourceTitle "EXT 2008"]
[Source "ChessBase"]
[SourceDate "2007.11.25"]
[SourceVersion "1"]
[SourceVersionDate "2007.11.25"]
[SourceQuality "1"]
[WhiteTeam "Vincennes"]
[BlackTeam "Reims"]
[WhiteTeamCountry "FRA"]
[BlackTeamCountry "FRA"]

1. e4 e5 2. Nf3 Nc6 3. Bb5 a6 4. Ba4 Bc5 5. 0-0 d6 6. d4 exd4 7. Bg5 Nge7 8. Nxd4 f6 9. Be3 Bxd4 10. Bxd4 Be6 11. Be3 0-0 12. Nc3 Ne5 13. Bb3 Bxb3 14. axb3 Qd7 15. h3 Rad8 16. f4 N5c6 17. Qh5 Qe8 18. Qf3 Qf7 19. Rad1 f5 20. g4 fxe4 21. Nxe4 Qg6 22. Qg2 Rde8 23. Ng5 h6 24. f5 Nxf5 25. Qd5+ Kh8 26. gxf5 Qh5 27. Ne6 Qxh3 28. Bd2 Rf6 29. Qg2 Qxg2+ 30. Kxg2 g6 31. Bc3 Ne5 32. Nxc7 Rg8 33. Rxd6 1-0

[Event "Paris-ch"]
[Site "Paris"]
[Date "2006.07.12"]
[Round "7"]
[White "El Farihi, Mohsine"]
[Black "Jablonski, Noham"]
[Result "0-1"]
[WhiteElo "2153"]
[BlackElo "2254"]
[PlyCount "126"]
[EventDate "2006.07.08"]
[EventType "swiss"]
[EventRounds "9"]
[EventCountry "FRA"]
[SourceTitle "EXT 2007"]
[Source "ChessBase"]
[SourceDate "2006.11.23"]
[SourceVersion "1"]
[SourceVersionDate "2006.11.23"]
[SourceQuality "1"]

1. d4 f5 2. g3 Nf6 3. c4 d6 4. Nf3 g6 5. Bg2 Bg7 6. Nc3 0-0 7. 0-0 Qe8 8. d5 a5 9. Be3 Na6 10. Qc1 Ng4 11. Bf4 Nc5 12. h3 e5 13. dxe6 Ne5 14. Nd5 Nxe6 15. Nxe5 dxe5 16. Bh6 Qf7 17. Bxg7 Qxg7 18. f4 exf4 19. gxf4 c6 20. Ne3 Qd4 21. Kh1 Re8 22. b3 Ng7 23. Nc2 Qf6 24. e3 Nh5 25. Kh2 Be6 26. Nd4 Bf7 27. Nf3 Re7 28. Qd2 Rae8 29. Ne5 g5 30. Bf3 Bg6 31. Bxh5 Bxh5 32. Qxa5 g4 33. Rg1 Rxe5 34. fxe5 Rxe5 35. Qd2 Re6 36. Rad1 Be8 37. Rg3 h5 38. Qd8 h4 39. Rgg1 g3+ 40. Kg2 Re7 41. Rgf1 Qe6 42. Qd4 c5 43. Qf4 Qf6 44. Rd2 Qc3 45. e4 Rxe4 46. Qg5+ Qg7 47. Rxf5 Bc6 48. Rd8+ Be8 49. Kf3 Re1 50. Rxc5 Qxg5 51. Rxg5+ Kf7 52. Rd3 Rh1 53. Rd6 Bc6+ 54. Kf4 Rxh3 55. Ke5 Rh1 56. Rf6+ Ke8 57. Rg8+ Ke7 58. Rg7+ Kd8 59. Rf8+ Be8 60. Rxb7 g2 61. Kd6 Rd1+ 62. Ke6 g1Q 63. Rb8+ Kc7 0-1

[Event "Paris-ch"]
[Site "Paris"]
[Date "2006.07.12"]
[Round "6"]
[White "Jablonski, Noham"]
[Black "Gautier, Serge"]
[Result "1-0"]
[WhiteElo "2254"]
[BlackElo "2114"]
[PlyCount "63"]
[EventDate "2006.07.08"]
[EventType "swiss"]
[EventRounds "9"]
[EventCountry "FRA"]
[SourceTitle "EXT 2007"]
[Source "ChessBase"]
[SourceDate "2006.11.23"]
[SourceVersion "1"]
[SourceVersionDate "2006.11.23"]
[SourceQuality "1"]

1. e4 c5 2. Nf3 Nc6 3. Bb5 g6 4. 0-0 Bg7 5. h3 e5 6. Bxc6 dxc6 7. d3 Qe7 8. Be3 Nf6 9. Nbd2 Nd7 10. Nc4 Nf8 11. Qd2 f6 12. Qa5 Ne6 13. b4 b5 14. Nb6 Rb8 15. Nxc8 Rxc8 16. bxc5 Nxc5 17. c4 a6 18. Rfd1 f5 19. Rac1 Nxd3 20. Rxd3 fxe4 21. Bg5 Bf6 22. Bxf6 Qxf6 23. Re3 exf3 24. Rxf3 Qe6 25. Qxa6 bxc4 26. Re1 Kd7 27. Rd1+ Ke8 28. Rd6 Qxd6 29. Qxc8+ Qd8 30. Qxc6+ Qd7 31. Qf6 Rg8 32. Qxe5+ 1-0

[Event "Paris-ch"]
[Site "Paris"]
[Date "2006.07.12"]
[Round "3"]
[White "Rode, Anthony"]
[Black "Jablonski, Noham"]
[Result "0-1"]
[WhiteElo "2110"]
[BlackElo "2254"]
[PlyCount "46"]
[EventDate "2006.07.08"]
[EventType "swiss"]
[EventRounds "9"]
[EventCountry "FRA"]
[SourceTitle "EXT 2007"]
[Source "ChessBase"]
[SourceDate "2006.11.23"]
[SourceVersion "1"]
[SourceVersionDate "2006.11.23"]
[SourceQuality "1"]

1. d4 f5 2. Bg5 g6 3. Nc3 Bg7 4. e4 fxe4 5. Nxe4 Nf6 6. Bd3 0-0 7. Qd2 Nxe4 8. Bxe4 c5 9. Bh6 Qb6 10. Bxg7 Kxg7 11. 0-0-0 Qe6 12. Re1 Qxa2 13. c3 d6 14. dxc5 dxc5 15. Bb1 Qf7 16. Nf3 Nc6 17. Ne5 Na5 18. Nxf7 Nb3+ 19. Kc2 Nxd2 20. Rxe7 Kf6 21. Rc7 Ne4 22. Re1 Rxf7 23. Rxf7+ Kxf7 0-1